Η γερμανική ιδεολογία

Αποθηκεύτηκε σε:
Λεπτομέρειες βιβλιογραφικής εγγραφής
Κύριος συγγραφέας: Marx, Karl, 1818-1883
Άλλοι συγγραφείς: Engels, Friedrich, 1820-1895
Μορφή: Βιβλίο
Γλώσσα:Greek
Δημοσίευση: Αθήνα : Gutenberg,
Έκδοση:4η έκδ.
Θέματα:
Ετικέτες: Προσθήκη ετικέτας
Δεν υπάρχουν, Καταχωρήστε ετικέτα πρώτοι!

MARC

LEADER 00000nam a2200000 i 4500
001 1/26453
008 960425s1983 gre d
035 |l 10022678 
040 |a GR-MY-UA  |b gre  |e aacr 
041 0 |a gre 
082 0 |a 335.4119 
100 1 |a Marx, Karl,   |d 1818-1883. 
245 1 2 |a Η γερμανική ιδεολογία 
250 |a 4η έκδ. 
260 |a Αθήνα :   |b Gutenberg,  
300 |a 2τ. 
650 0 0 |a Ideology. 
650 0 0 |a Historical materialism. 
700 1 |a Engels, Friedrich,   |d 1820-1895. 
852 |a INST  |b CHIOS  |e 19960425  |h 335.4119 MAR  |p 005200005312  |q 005200005312  |t BK  |y 0  |z τ.2 
852 |a INST  |b CHIOS  |e 19960425  |h 335.4119 MAR  |p 005200005313  |q 005200005313  |t BK  |y 0  |z τ.1 
852 |a INST  |b CHIOS  |e 19960425  |h 335.4119 MAR  |p 005200005314  |q 005200005314  |t BK  |y 0  |z τ.1 
852 |a INST  |b CHIOS  |e 19960425  |h 335.4119 MAR  |p 005200005357  |q 005200005357  |t BK  |y 0  |z τ.2 
852 |a INST  |b CHIOS  |e 19960425  |h 335.4119 MAR  |p 005200005312  |q 005200005312  |t BK  |v τ.2:  |y 0  |z τ.2 
852 |a INST  |b CHIOS  |e 19960425  |h 335.4119 MAR  |p 005200005313  |q 005200005313  |t BK  |v τ.1:  |y 0  |z τ.1 
852 |a INST  |b CHIOS  |e 19960425  |h 335.4119 MAR  |p 005200005314  |q 005200005314  |t BK  |v τ.1:  |y 0  |z τ.1 
852 |a INST  |b CHIOS  |e 19960425  |h 335.4119 MAR  |p 005200005357  |q 005200005357  |t BK  |v τ.2:  |y 0  |z τ.2 
853 |a INST  |b CHIOS  |h 335.4119 MAR 
909 |a Χ  |b 000864 
909 |a Χ  |b 001184 
909 |a Χ  |b 000856 
909 |a Χ  |b 001174